CITB-ConstructionSkills call on employers to offer apprenticeship places to meet industry demand (Record no. 77465)

MARC details
000 -LEADER
fixed length control field 01147cab a2200205 4500
001 - CONTROL NUMBER
control field ##L134339
008 - FIXED-LENGTH DATA ELEMENTS--GENERAL INFORMATION
fixed length control field 060727n2006 000 0 eng u
035 ## - SYSTEM CONTROL NUMBER
System control number (Sirsi) u134339
041 0# - LANGUAGE CODE
Language code of text/sound track or separate title eng
110 2# - MAIN ENTRY--CORPORATE NAME
Corporate name or jurisdiction name as entry element CITB-ConstructionSkills
9 (RLIN) 4992
245 00 - TITLE STATEMENT
Title CITB-ConstructionSkills call on employers to offer apprenticeship places to meet industry demand
260 ## - PUBLICATION, DISTRIBUTION, ETC.
Date of publication, distribution, etc. 2006
490 #0 - SERIES STATEMENT
Series statement CITB-ConstructionSkills Press Release
Volume/sequential designation 21 July 2006
520 ## - SUMMARY, ETC.
Summary, etc. CITB-ConstructionSkills is urging employers to offer immediate apprenticeships to more than 5 000 high calibre construction recruits who are registered with its managing agency. The recruits have passed selection tests and are eager to take up careers in the construction industry. Grants of up to £8 000 are available to employers registered with CITB-ConstructionSkills to help with training costs.
590 ## - LOCAL NOTE (RLIN)
Local note IKA010806
651 #4 - SUBJECT ADDED ENTRY--GEOGRAPHIC NAME
Geographic name United Kingdom
Chronological subdivision
690 ## - LOCAL SUBJECT ADDED ENTRY--TOPICAL TERM (OCLC, RLIN)
Topical term or geographic name as entry element MANAGEMENT-BUSINESS MANAGEMENT-HUMAN RESOURCE MANAGEMENT
856 41 - ELECTRONIC LOCATION AND ACCESS
Uniform Resource Identifier <a href="https://www.citb-constructionskills.co.uk/news/pressreleases/">https://www.citb-constructionskills.co.uk/news/pressreleases/</a>
Public note View the item free of charge at www.citb-constructionskills.co.uk/...
942 ## - ADDED ENTRY ELEMENTS (KOHA)
Suppress in OPAC 0
Holdings
Withdrawn status Lost status Source of classification or shelving scheme Damaged status Not for loan Home library Current library Shelving location Date acquired Total Checkouts Full call number Barcode Date last seen Copy number Price effective from Koha item type
    Dewey Decimal Classification     Virtual Virtual Online 27/07/2006   ONLINE PUBLICATION 134339-1001 06/08/2019 1 06/08/2019 Journal article